[Event "Sinquefield Cup"]
[Site "Saint Louis"]
[Date "18.08.2018"]
[Round "1"]
[White "Caruana,F"]
[Black "Grischuk,A"]
[Result "1/2-1/2"]
[WhiteElo "2822"]
[BlackElo "2766"]
[EventDate "2018.08.18"]

1. e4 e5 2. Nf3 Nc6 3. Bc4 Nf6 4. d3 Be7 5. O-O O-O 6. Re1 d6 7. a4 Kh8 8.
Nc3 Ng8 9. Nd5 f5 10. h3 fxe4 11. dxe4 Nf6 12. a5 a6 13. Ra3 Be6 14. Nxf6
Bxc4 15. Nd5 Bb5 16. Be3 Qd7 17. Nd2 Nd8 18. c4 Bc6 19. Qg4 Ne6 20. b4 Rae8
21. Nf3 Bd8 22. h4 h6 23. h5 Nd4 24. Qxd7 Nxf3+ 25. gxf3 Bxd7 26. Kg2 Rf7
27. Rh1 Ref8 28. Bc1 c6 29. Nb6 Be6 30. Rd1 Bxb6 31. axb6 Rf6 32. Rad3 Bxc4
33. Rxd6 Rxf3 34. Be3 R3f7 35. R1d2 Kh7 36. Rd7 Rxd7 37. Rxd7 Rf7 38. Rc7
Be6 39. Bd2 g6 40. Bc3 g5 41. Bxe5 Kg8 42. f3 Bb3 43. Kf2 Be6 44. Ke3 Kf8
45. f4 gxf4+ 46. Bxf4 Ke8 47. Bxh6 Bg4 48. Bf4 Bxh5 49. Rc8+ Kd7 50. Rh8
Bg4 51. Bc7 Rf3+ 52. Kd4 Rh3 53. Rb8 c5+ 54. bxc5 Kc6 55. Bd6 Bd7 56. Ke5
Rh6 57. Rg8 a5 58. Kf4 a4 59. Ra8 Rh4+ 60. Ke3 Kb5 61. e5 Bc6 62. Kd3 Rh3+
63. Kd2 Rh2+ 64. Kd3 Rh3+ 65. Kd2 Rh2+ 66. Kd3 Rh3+ 67. Kd2 1/2-1/2

[Event "Sinquefield Cup"]
[Site "Saint Louis"]
[Date "18.08.2018"]
[Round "1"]
[White "Aronian,L"]
[Black "Karjakin,Sergey"]
[Result "1-0"]
[WhiteElo "2767"]
[BlackElo "2773"]
[EventDate "2018.08.18"]

1. e4 e5 2. Nf3 Nc6 3. Bb5 Nf6 4. O-O Nxe4 5. d4 Nd6 6. Bxc6 dxc6 7. dxe5
Nf5 8. Qxd8+ Kxd8 9. Nc3 Ke8 10. h3 h5 11. Bg5 Be6 12. Rfd1 Be7 13. Rd2 Rd8
14. Rxd8+ Kxd8 15. Rd1+ Ke8 16. b3 h4 17. Bc1 a5 18. Ne2 Bd5 19. Ne1 Be6
20. Nf4 Bc8 21. Nf3 Rh6 22. Nh2 Rh8 23. Ng4 Nh6 24. Ne3 Nf5 25. Nc4 g5 26.
Ne2 b6 27. Nd2 Ng7 28. Ne4 Ne6 29. Nf6+ Bxf6 30. exf6 Rg8 31. f3 Rg6 32.
Bb2 Bd7 33. Nc1 c5 34. Be5 Kd8 35. Nd3 Kc8 36. Bb2 Be8 37. Re1 Rg8 38. Re4
Kd8 39. Kf2 Nf8 40. Ne5 Nh7 41. f4 Rh8 42. Nf3 gxf4 43. Rxf4 Nf8 44. Rxh4
Rxh4 45. Nxh4 Bc6 46. Ke3 Kd7 47. g4 Ng6 48. Nxg6 fxg6 49. Be5 b5 50. Bxc7
a4 51. Bb6 axb3 52. cxb3 g5 53. Bxc5 Ke6 54. Bd4 Bg2 55. h4 gxh4 56. Kf4
Kf7 57. g5 h3 58. Kg3 Kg6 59. Be3 Kf7 60. Bd2 Kg6 61. a4 bxa4 62. bxa4 Kf7
63. a5 Bf1 64. Bf4 Kg6 65. Kg4 Kf7 66. Kf5 Bd3+ 67. Ke5 Be2 68. Kd6 Bd3 69.
Kc5 1-0

[Event "Sinquefield Cup"]
[Site "Saint Louis"]
[Date "19.08.2018"]
[Round "2"]
[White "Caruana,F"]
[Black "Aronian,L"]
[Result "1/2-1/2"]
[WhiteElo "2822"]
[BlackElo "2767"]
[EventDate "2018.08.18"]

1. d4 d5 2. c4 c6 3. Nf3 Nf6 4. Qb3 e6 5. g3 dxc4 6. Qxc4 b5 7. Qb3 Bb7 8.
Bg2 a6 9. a4 c5 10. axb5 c4 11. Qd1 axb5 12. Rxa8 Bxa8 13. O-O Be7 14. b3
cxb3 15. Qxb3 b4 16. Bb2 Nbd7 17. Nbd2 O-O 18. Ra1 Qb8 19. Ne1 Bxg2 20.
Kxg2 Rc8 21. e4 h5 22. Nd3 h4 23. Rc1 Rxc1 24. Nxc1 Qb5 25. Qd3 Qxd3 26.
Nxd3 hxg3 27. hxg3 Nb6 28. Kf3 Nfd7 29. Nb3 Nc4 30. Bc1 e5 31. dxe5 Ncxe5+
32. Nxe5 Nxe5+ 33. Ke2 Kf8 34. f4 Ng4 35. Kf3 Nh2+ 36. Kg2 Ng4 37. Kf3 Nh2+
38. Kg2 Ng4 1/2-1/2

[Event "Sinquefield Cup"]
[Site "Saint Louis"]
[Date "20.08.2018"]
[Round "3"]
[White "Aronian,L"]
[Black "Carlsen,M"]
[Result "1/2-1/2"]
[WhiteElo "2767"]
[BlackElo "2842"]
[EventDate "2018.08.18"]

1. e4 e5 2. Nf3 Nc6 3. Bc4 Bc5 4. d3 Nf6 5. O-O d6 6. c3 a6 7. Re1 h6 8. b4
Ba7 9. a4 O-O 10. Nbd2 Re8 11. Nf1 Be6 12. Bxe6 Rxe6 13. Ng3 Ne7 14. d4 Ng6
15. Qc2 c6 16. h3 Qc7 17. Be3 d5 18. Nxe5 Nxe5 19. dxe5 Qxe5 20. exd5 cxd5
21. Rad1 Bxe3 22. Rxe3 Qc7 23. Nf5 Rae8 24. Qd3 Qf4 25. g3 Qc7 26. a5 Rxe3
27. Nxe3 Qc6 28. Nxd5 Nxd5 29. Qxd5 Re1+ 30. Kh2 Rxd1 31. Qxd1 Qxc3 32.
Qd8+ Kh7 33. Qd5 Qxb4 34. Qf5+ Kg8 35. Qc8+ Kh7 36. Qf5+ Kg8 37. Qc8+ Kh7
38. Qf5+ 1/2-1/2

[Event "Sinquefield Cup"]
[Site "Saint Louis"]
[Date "20.08.2018"]
[Round "3"]
[White "Karjakin,Sergey"]
[Black "Anand,V"]
[Result "1/2-1/2"]
[WhiteElo "2773"]
[BlackElo "2768"]
[EventDate "2018.08.18"]

1. e4 e5 2. Nf3 Nc6 3. Bb5 a6 4. Ba4 Nf6 5. O-O Nxe4 6. d4 b5 7. Bb3 d5 8.
dxe5 Be6 9. Be3 Be7 10. c3 O-O 11. Nbd2 Bg4 12. Nxe4 dxe4 13. Qd5 Qxd5 14.
Bxd5 exf3 15. Bxc6 fxg2 16. Rfc1 Rab8 17. a4 b4 18. cxb4 Rxb4 19. Bxg2 c5
20. Bxc5 Bxc5 21. Rxc5 Rxb2 22. Bf1 Be2 23. Rac1 g6 24. R1c2 Rxc2 25. Rxc2
Bxf1 26. Kxf1 Re8 27. Rc5 f6 28. Rc6 Rxe5 29. Rxa6 Kg7 30. Ra7+ Kh6 31. Rc7
Re4 32. Rc6 Rxa4 33. Rxf6 Rh4 34. Kg2 Rg4+ 35. Kf1 Rh4 36. Kg2 Rg4+ 37. Kf1
Rh4 1/2-1/2

[Event "Sinquefield Cup"]
[Site "Saint Louis"]
[Date "21.08.2018"]
[Round "4"]
[White "Anand,V"]
[Black "Carlsen,M"]
[Result "1/2-1/2"]
[WhiteElo "2768"]
[BlackElo "2842"]
[EventDate "2018.08.18"]

1. e4 c5 2. Nf3 Nc6 3. Bb5 g6 4. Bxc6 dxc6 5. d3 Bg7 6. h3 Nf6 7. Nc3 O-O
8. Be3 b6 9. Qd2 e5 10. Bh6 Qd6 11. Bxg7 Kxg7 12. a4 Ne8 13. Nh2 Nc7 14.
Ng4 f6 15. f3 Ne6 16. h4 Nd4 17. h5 g5 18. Ne3 Be6 19. Ne2 Kh8 20. Ng3 Rad8
21. Kf2 Qe7 22. Qd1 c4 23. dxc4 f5 24. exf5 Nxf5 25. Ngxf5 Bxf5 26. Qe2 g4
27. Kg1 gxf3 28. Qxf3 Bxc2 29. Qg3 Bd3 30. Rh4 Rd4 31. Rg4 Rxg4 32. Nxg4 e4
33. Qe5+ Qxe5 34. Nxe5 Kg7 35. Rd1 Rd8 36. Nxc6 Re8 37. Kf2 e3+ 38. Ke1
Bxc4 39. Rd4 Bf7 40. g4 a5 41. b4 axb4 42. Rxb4 Be6 43. g5 Bf7 44. h6+ Kg6
45. Rb5 Ba2 46. Re5 Rxe5 47. Nxe5+ Kxg5 48. Nd7 Bb3 49. Nxb6 Bxa4 50. Nxa4
Kxh6 51. Nc3 e2 52. Nxe2 Kg5 53. Ng3 h5 54. Nxh5 1/2-1/2

[Event "Sinquefield Cup"]
[Site "Saint Louis"]
[Date "21.08.2018"]
[Round "4"]
[White "So,W"]
[Black "Karjakin,Sergey"]
[Result "1/2-1/2"]
[WhiteElo "2780"]
[BlackElo "2773"]
[EventDate "2018.08.18"]

1. c4 Nf6 2. Nc3 e5 3. Nf3 Nc6 4. e3 Bb4 5. Qc2 Bxc3 6. Qxc3 Qe7 7. d4 Ne4
8. Qd3 exd4 9. Nxd4 O-O 10. Be2 Qb4+ 11. Kf1 Qe7 12. f3 Nc5 13. Qd2 a5 14.
b3 d6 15. Nxc6 bxc6 16. Bb2 Re8 17. Kf2 Nd7 18. h4 h5 19. e4 Ne5 20. Rae1
a4 21. b4 a3 22. Ba1 f6 23. Rc1 Be6 24. Rc2 Ra4 25. c5 Rb8 26. cxd6 cxd6
27. Bc3 c5 28. bxc5 dxc5 29. Rd1 Nc4 30. Bxc4 Rxc4 31. Ba1 Rxc2 32. Qxc2
Rd8 33. Rd3 Rxd3 34. Qxd3 Qd7 35. Qxd7 Bxd7 36. Bc3 Be6 37. Bd2 Bxa2 38.
Bc1 c4 39. Bxa3 c3 40. Ke3 Bc4 41. Kd4 Bf1 42. g3 Bg2 43. Kxc3 Bxf3 44. Kd4
Bg4 45. Kd5 Bf3 46. Kd4 Bg4 47. Kd5 Bf3 48. Kd4 1/2-1/2

[Event "Sinquefield Cup"]
[Site "Saint Louis"]
[Date "22.08.2018"]
[Round "5"]
[White "Carlsen,M"]
[Black "So,W"]
[Result "1/2-1/2"]
[WhiteElo "2842"]
[BlackElo "2780"]
[EventDate "2018.08.18"]

1. d4 Nf6 2. c4 e6 3. Nf3 d5 4. Nc3 c5 5. e3 Nc6 6. cxd5 Nxd5 7. Bd3 Be7 8.
O-O O-O 9. Qe2 b6 10. Rd1 cxd4 11. Nxd5 Qxd5 12. exd4 Bb7 13. Be4 Qd6 14.
g3 Bf6 15. Bg5 Qe7 16. Bxf6 Qxf6 17. Ne5 Rfc8 18. Qb5 Na5 19. Bxb7 Nxb7 20.
Qd7 Nc5 21. dxc5 Qxe5 22. c6 h5 23. Rd6 Qxb2 24. Rad1 Qc2 25. h4 Rd8 26.
Qxd8+ Rxd8 27. Rxd8+ Kh7 28. R8d7 a5 29. c7 b5 30. R1d2 Qc1+ 31. Rd1 Qc2
32. R1d4 f6 33. Rd2 Qc1+ 34. Rd1 Qc2 35. R1d6 Qb1+ 36. Rd1 Qc2 37. R1d6
Qb1+ 38. Kg2 Qe4+ 39. Kh2 Qc2 40. Rd2 Qc3 41. R2d6 Qc2 42. Rd2 Qc3 43. Re2
e5 44. Red2 b4 45. R2d6 Kg6 46. Kg2 Qc2 47. Re7 Qe4+ 48. Kg1 Qe1+ 49. Kg2
Qe4+ 50. Kg1 Qe1+ 51. Kg2 Qe4+ 1/2-1/2

[Event "Sinquefield Cup"]
[Site "Saint Louis"]
[Date "22.08.2018"]
[Round "5"]
[White "Aronian,L"]
[Black "Anand,V"]
[Result "1/2-1/2"]
[WhiteElo "2767"]
[BlackElo "2768"]
[EventDate "2018.08.18"]

1. d4 Nf6 2. c4 e6 3. Nf3 d5 4. Nc3 Be7 5. Bf4 O-O 6. e3 c5 7. dxc5 Bxc5 8.
cxd5 Nxd5 9. Nxd5 exd5 10. a3 Nc6 11. Bd3 Bb6 12. O-O Bg4 13. h3 Bh5 14. b4
d4 15. b5 Na5 16. exd4 Qf6 17. Be3 Bxf3 18. Qxf3 Qxf3 19. gxf3 Rfd8 20.
Rfd1 Nb3 21. Rab1 Nxd4 22. Kg2 Ne6 23. Bf5 Bxe3 24. Bxe6 Rxd1 25. Rxd1 Bb6
26. Bb3 Rd8 27. Rxd8+ Bxd8 28. f4 Kf8 29. f5 a6 30. b6 Bxb6 31. Bd5 Bc5 32.
Bxb7 Bxa3 33. Bxa6 Bb2 34. Bf1 Ba3 35. Ba6 Bb2 36. Bf1 1/2-1/2

[Event "Sinquefield Cup"]
[Site "Saint Louis"]
[Date "22.08.2018"]
[Round "5"]
[White "Karjakin,Sergey"]
[Black "Grischuk,A"]
[Result "1/2-1/2"]
[WhiteElo "2773"]
[BlackElo "2766"]
[EventDate "2018.08.18"]

1. e4 e5 2. Nf3 Nc6 3. Bb5 Nf6 4. O-O Nxe4 5. d4 Nd6 6. Bxc6 dxc6 7. dxe5
Nf5 8. Qxd8+ Kxd8 9. h3 h6 10. Rd1+ Ke8 11. Nc3 Ne7 12. Bf4 Ng6 13. Bh2 Be7
14. Nd4 Nf8 15. a4 a5 16. Nce2 h5 17. e6 Nxe6 18. Nxe6 Bxe6 19. Bxc7 Bd8
20. Bd6 f6 21. Nd4 Bc8 22. h4 Kf7 23. f3 g5 24. Bg3 Bb6 25. Bf2 Re8 26. Rd2
Bxd4 27. Rxd4 Bf5 28. Rd2 Rad8 29. Rad1 Rxd2 30. Rxd2 Re5 31. Kf1 Rd5 32.
Ke2 Ke6 33. b3 gxh4 34. Bxh4 c5 35. Bg3 Rxd2+ 36. Kxd2 Kd7 37. Bh4 Ke6 38.
Bg3 Kd7 39. Bh4 Ke6 40. Bg3 1/2-1/2

[Event "Sinquefield Cup"]
[Site "Saint Louis"]
[Date "24.08.2018"]
[Round "6"]
[White "Grischuk,A"]
[Black "Carlsen,M"]
[Result "1/2-1/2"]
[WhiteElo "2766"]
[BlackElo "2842"]
[EventDate "2018.08.18"]

1. Nf3 Nf6 2. g3 g6 3. Bg2 Bg7 4. c4 O-O 5. d4 d6 6. O-O c5 7. d5 b5 8.
cxb5 a6 9. bxa6 Bf5 10. Nfd2 Nxa6 11. Nc3 Nb4 12. Nc4 Nc2 13. g4 Nxg4 14.
e4 Nxa1 15. exf5 Bxc3 16. bxc3 Nf6 17. Qe2 Re8 18. Bg5 Qd7 19. fxg6 hxg6
20. Rxa1 Qf5 21. Bxf6 Qxf6 22. Qf3 Qh4 23. Qe4 Qf6 24. Qf3 Qh4 25. Qe4 Qf6
26. Qd3 Reb8 27. a3 Rb3 28. Rc1 Ra4 29. Qc2 Qf4 30. Qxb3 Qxc1+ 31. Bf1 Qg5+
32. Bg2 Qc1+ 33. Bf1 Qg5+ 34. Bg2 Qc1+ 1/2-1/2

[Event "Sinquefield Cup"]
[Site "Saint Louis"]
[Date "24.08.2018"]
[Round "6"]
[White "So,W"]
[Black "Anand,V"]
[Result "1/2-1/2"]
[WhiteElo "2780"]
[BlackElo "2768"]
[EventDate "2018.08.18"]

1. d4 Nf6 2. c4 e6 3. Nf3 d5 4. Nc3 Be7 5. Bf4 O-O 6. e3 c5 7. dxc5 Bxc5 8.
cxd5 Nxd5 9. Nxd5 exd5 10. a3 Nc6 11. Bd3 Bb6 12. O-O Bg4 13. h3 Bh5 14.
Bb1 d4 15. Qd3 Bg6 16. e4 Re8 17. Re1 Qe7 18. Qb5 f6 19. Nh4 Bf7 20. Nf5
Qc5 21. Qe2 Ne5 22. Bxe5 Qxe5 23. Bd3 Bg6 24. Qd2 Bxf5 25. exf5 Qd5 26. Qc2
Kf8 27. Re6 Rxe6 28. fxe6 g6 29. Re1 Re8 30. Bc4 d3 31. Qxd3 Qxd3 32. Bxd3
Ke7 33. Bc4 Rd8 34. Re2 Ba5 35. b4 Rd1+ 36. Kh2 Bc7+ 37. g3 Rc1 38. Ba2 Rc3
39. a4 Bd6 40. b5 Ra3 41. Bd5 b6 42. Ra2 Rxa2 43. Bxa2 f5 44. Kg2 Be5 45.
g4 fxg4 46. hxg4 h5 47. gxh5 gxh5 48. Kh3 Bf6 49. Bc4 Kd6 50. Kg3 Ke7 51.
Kf4 h4 52. Kg4 Kd6 53. f3 Ke7 54. f4 Kd6 55. Kf5 Ke7 56. Bf1 Ba1 57. Bh3
Bf6 58. Bg4 Ba1 59. Ke4 Kd6 60. Bh3 Bb2 61. Kd3 Bf6 62. Kc4 Be7 63. Kd4
Bf6+ 64. Kc4 Be7 65. Kd4 Bf6+ 66. Kc4 1/2-1/2

[Event "Sinquefield Cup"]
[Site "Saint Louis"]
[Date "25.08.2018"]
[Round "7"]
[White "Carlsen,M"]
[Black "Caruana,F"]
[Result "1/2-1/2"]
[WhiteElo "2842"]
[BlackElo "2822"]
[EventDate "2018.08.18"]

1. e4 e5 2. Nf3 Nf6 3. Nxe5 d6 4. Nf3 Nxe4 5. Nc3 Nxc3 6. dxc3 Be7 7. Be3
Nc6 8. Bc4 O-O 9. Qd2 Bf5 10. O-O-O Qd7 11. Kb1 Rfe8 12. h4 Bf8 13. h5 h6
14. Be2 Bg4 15. Nh2 Bxe2 16. Qxe2 Ne5 17. Bc1 Qc6 18. f4 Nc4 19. Qd3 Qe4
20. g4 Ne3 21. Rde1 Qxd3 22. cxd3 Nd5 23. Reg1 Re6 24. g5 Ne7 25. gxh6 Rxh6
26. f5 Rh7 27. Ng4 Kh8 28. f6 Ng8 29. fxg7+ Rxg7 30. Be3 c5 31. Bf4 Re8 32.
Ne3 Rxg1+ 33. Rxg1 Re6 34. Nd5 Nf6 35. Nc7 Re2 36. Nb5 Re6 37. Rf1 Kg8 38.
Nc7 Re2 39. Nb5 Re6 40. Nc7 Re2 41. Nb5 Re6 1/2-1/2

[Event "Sinquefield Cup"]
[Site "Saint Louis"]
[Date "25.08.2018"]
[Round "7"]
[White "Aronian,L"]
[Black "So,W"]
[Result "1/2-1/2"]
[WhiteElo "2767"]
[BlackElo "2780"]
[EventDate "2018.08.18"]

1. d4 Nf6 2. c4 e6 3. Nf3 d5 4. g3 Be7 5. Bg2 O-O 6. O-O dxc4 7. Qc2 a6 8.
a4 Bd7 9. Qxc4 Bc6 10. Bf4 Bd6 11. Nc3 Bxf4 12. gxf4 a5 13. e3 Nbd7 14. Kh1
Ra6 15. Rg1 Rb6 16. Qe2 Ne4 17. Qc2 f5 18. Nxe4 Bxe4 19. Qc3 Bxf3 20. Bxf3
Nf6 21. Qxa5 Rxb2 22. Rg2 Nd5 23. Bxd5 exd5 24. Qc3 Rb6 25. a5 Rb5 26. Rg5
Rf6 27. Qc2 g6 28. h4 Qe7 29. h5 Qe4+ 30. Qxe4 dxe4 31. Rgg1 c5 32. dxc5
Rxc5 33. Rab1 Rxa5 34. Rxb7 Rfa6 35. Rbb1 Kg7 36. Kg2 Ra7 37. Rh1 h6 38.
Kg3 R5a6 39. Kh4 gxh5 40. Kxh5 Rg6 41. Rhg1 Rxg1 42. Rxg1+ Kh7 43. Rg6 Ra1
44. Rxh6+ Kg7 45. Rb6 Rg1 46. Kh4 Kf7 47. Kh3 Rg8 48. Kh2 Ke7 49. Rh6 Kf7
50. Rh3 Kf6 51. Rg3 Rh8+ 52. Kg2 Ra8 53. Rh3 Rg8+ 54. Kf1 Ra8 55. Rh6+ Ke7
56. Rc6 Ra1+ 1/2-1/2

[Event "Sinquefield Cup"]
[Site "Saint Louis"]
[Date "25.08.2018"]
[Round "7"]
[White "Anand,V"]
[Black "Grischuk,A"]
[Result "1/2-1/2"]
[WhiteElo "2768"]
[BlackElo "2766"]
[EventDate "2018.08.18"]

1. e4 e5 2. Nf3 Nc6 3. Bc4 Bc5 4. O-O Nf6 5. d3 d6 6. c3 a6 7. a4 Ba7 8.
Re1 O-O 9. h3 h6 10. Nbd2 Re8 11. Nf1 Be6 12. Bxe6 Rxe6 13. Be3 Bxe3 14.
Nxe3 d5 15. Qc2 a5 16. Rad1 Qd7 17. Qb3 Rd8 18. exd5 Nxd5 19. d4 exd4 20.
Nxd5 Qxd5 21. Qxb7 Rxe1+ 22. Rxe1 dxc3 23. bxc3 Qd6 24. Qb5 g6 25. Nd4 Nxd4
26. cxd4 Qb4 27. Re8+ Rxe8 28. Qxe8+ Kg7 29. Qe5+ Kg8 30. Qe8+ Kg7 31. Qe5+
Kg8 32. Qe8+ Kg7 1/2-1/2

[Event "Sinquefield Cup"]
[Site "Saint Louis"]
[Date "26.08.2018"]
[Round "8"]
[White "Caruana,F"]
[Black "Anand,V"]
[Result "1/2-1/2"]
[WhiteElo "2822"]
[BlackElo "2768"]
[EventDate "2018.08.18"]

1. d4 Nf6 2. c4 e6 3. Nf3 d5 4. Nc3 Be7 5. Bf4 O-O 6. e3 c5 7. dxc5 Bxc5 8.
cxd5 Nxd5 9. Nxd5 exd5 10. Bd3 Bb4+ 11. Nd2 Nc6 12. O-O Be7 13. a3 g6 14.
Rc1 Bf6 15. b4 Qe7 16. Nf3 Rd8 17. h3 Ne5 18. Nxe5 Bxe5 19. Qd2 a5 20. bxa5
Bxf4 21. exf4 Qxa3 22. Ra1 Qd6 23. Rfb1 Qf6 24. Ra2 Rd6 25. Rc2 Rc6 26.
Rxc6 bxc6 27. Qb4 Qd8 28. Ra1 Ba6 29. Bxa6 Rxa6 30. f5 d4 31. fxg6 hxg6 32.
Rd1 Rxa5 33. Rxd4 Rd5 34. Re4 Rd1+ 35. Kh2 Qd6+ 36. Qxd6 Rxd6 37. Re7 Rd2
38. Rc7 Rxf2 39. Rxc6 Ra2 1/2-1/2

[Event "Sinquefield Cup"]
[Site "Saint Louis"]
[Date "26.08.2018"]
[Round "8"]
[White "Grischuk,A"]
[Black "So,W"]
[Result "1/2-1/2"]
[WhiteElo "2766"]
[BlackElo "2780"]
[EventDate "2018.08.18"]

1. f4 Nf6 2. Nf3 b6 3. b3 Bb7 4. e3 g6 5. Bb2 Bg7 6. g3 O-O 7. Bg2 c5 8. c4
d5 9. O-O Nc6 10. Qe2 Rc8 11. d3 d4 12. exd4 Nxd4 13. Nxd4 Bxg2 14. Kxg2
cxd4 15. Na3 Nd7 16. Nc2 Nc5 17. f5 Qd7 18. g4 b5 19. Ba3 a5 20. Bxc5 Rxc5
21. Rae1 bxc4 22. bxc4 gxf5 23. gxf5 Rxf5 24. Rxf5 Qxf5 25. Qf3 Qg5+ 26.
Kh1 Kh8 27. Rg1 Qh6 28. Qd5 Qd2 29. Nxd4 Qxa2 30. Qe4 Qb2 31. Nf5 Be5 32.
Rg2 Qc1+ 33. Rg1 Qb2 34. Rg2 Qc1+ 35. Rg1 Qb2 36. Rg2 1/2-1/2

[Event "Sinquefield Cup"]
[Site "Saint Louis"]
[Date "27.08.2018"]
[Round "9"]
[White "So,W"]
[Black "Caruana,F"]
[Result "1/2-1/2"]
[WhiteElo "2780"]
[BlackElo "2822"]
[EventDate "2018.08.18"]

1. e4 e5 2. Nf3 Nf6 3. Nxe5 d6 4. Nd3 Nxe4 5. Qe2 Qe7 6. Nc3 Nf6 7. b3 Nc6
8. Bb2 Bf5 9. Nf4 O-O-O 10. Qxe7 Nxe7 11. O-O-O Ng6 12. Bd3 Bd7 13. Nxg6
hxg6 14. Ne4 Nxe4 15. Bxe4 g5 16. h3 c6 17. c4 Be6 18. Bf3 d5 19. d3 f6 20.
Rhe1 Bf7 21. cxd5 Bxd5 22. Bxd5 Rxd5 23. Re8+ Rd8 24. Rxd8+ Kxd8 25. Re1
Bc5 26. f3 Re8 27. Re4 Kd7 28. Kc2 Bd6 29. a4 a6 30. Bc3 b5 31. Bb2 Re6 32.
Bc3 Re8 33. Bb2 Re6 34. Bc3 Re8 35. Bb2 Re6 1/2-1/2

[Event "Sinquefield Cup"]
[Site "Saint Louis"]
[Date "27.08.2018"]
[Round "9"]
[White "Aronian,L"]
[Black "Grischuk,A"]
[Result "1-0"]
[WhiteElo "2767"]
[BlackElo "2766"]
[EventDate "2018.08.18"]

1. d4 Nf6 2. Nf3 d6 3. g3 Nbd7 4. Bg2 e5 5. c4 c6 6. Nc3 e4 7. Nh4 d5 8.
O-O Bb4 9. cxd5 cxd5 10. f3 Bxc3 11. bxc3 O-O 12. Ba3 Re8 13. Nf5 Nb6 14.
Nd6 Nc4 15. Nxc4 dxc4 16. fxe4 Nxe4 17. Qc2 Qd5 18. Rxf7 Kxf7 19. Rf1+ Bf5
20. g4 g6 21. Qc1 Kg7 22. gxf5 gxf5 23. Bxe4 fxe4 24. Qf4 h6 25. Qc7+ Kh8
26. Bd6 Rg8+ 27. Kf2 Rg6 28. Be5+ Kg8 29. Ke3 Rd8 30. Qe7 b5 31. h4 a5 32.
h5 Rg5 33. Rf6 Rxe5 34. Rg6+ 1-0

[Event "Sinquefield Cup"]
[Site "Saint Louis"]
[Date "28.08.2018"]
[Round "TB1"]
[White "So, Wesley"]
[Black "Caruana, Fabiano"]
[Result "1/2-1/2"]
[WhiteTitle "GM"]
[BlackTitle "GM"]
[WhiteElo "2780"]
[BlackElo "2822"]
[WhiteFideId "5202213"]
[BlackFideId "2020009"]
[EventDate "2018.08.28"]

1. d4 Nf6 2. c4 e6 3. Nf3 d5 4. g3 dxc4 5. Bg2 Nc6 6. Qa4 Bb4+ 7. Bd2 Nd5 8.
Bxb4 Nxb4 9. O-O Rb8 10. Na3 O-O 11. Qb5 b6 12. Qxc4 Ba6 13. Nb5 Qe8 14. Rfc1
Nd5 15. Qxc6 Qxc6 16. Rxc6 Bxb5 17. Rc2 Rfc8 18. Rac1 c5 19. dxc5 Nb4 20. Rd2
Nxa2 21. Ra1 Nb4 22. Rxa7 Nc6 23. Ra1 bxc5 24. e3 h6 25. Bf1 Bxf1 26. Kxf1 Rb5
27. Rc1 Kf8 28. Rdc2 Nb4 29. Nd4 Nxc2 30. Nxb5 Rb8 31. Na3 Nxa3 32. bxa3 Rb3 33.
Rxc5 Rxa3 1/2-1/2

[Event "Sinquefield Cup"]
[Site "Saint Louis"]
[Date "28.08.2018"]
[Round "TB2"]
[White "Caruana, Fabiano"]
[Black "So, Wesley"]
[Result "1-0"]
[WhiteTitle "GM"]
[BlackTitle "GM"]
[WhiteElo "2822"]
[BlackElo "2780"]
[WhiteFideId "2020009"]
[BlackFideId "5202213"]
[EventDate "2018.08.28"]

1. d4 Nf6 2. c4 e6 3. Nc3 Bb4 4. g3 O-O 5. Bg2 d5 6. Nf3 dxc4 7. O-O Nc6 8. Qa4
Nd5 9. Qc2 Be7 10. Rd1 Bd7 11. e4 Ncb4 12. Qd2 Nb6 13. Ne5 Nc6 14. Nxc6 Bxc6 15.
Qc2 f5 16. a4 fxe4 17. Bxe4 Bxe4 18. Qxe4 Qd7 19. d5 exd5 20. Nxd5 Nxd5 21. Rxd5
Qc6 22. Rd4 Bc5 23. Qxc6 bxc6 24. Rxc4 Bxf2+ 25. Kg2 c5 26. Ra2 Bd4 27. b4 Rad8
28. bxc5 c6 29. Bf4 Rfe8 30. Rd2 Bf6 31. Rd6 Rc8 32. h4 h5 33. Kf3 Re1 34. Re4
Ra1 35. Rd7 Ra3+ 36. Kg2 a5 37. Bd6 Kh7 38. Ra7 Bc3 39. Kh3 Ra2 40. Rc4 Bb4 41.
Rf4 Bc3 42. Re7 Rd8 43. Re6 Rd7 44. Rf5 g6 45. Rf3 Bd4 46. Re4 Bg7 47. Rfe3 Rb7
48. Re2 Rxe2 49. Rxe2 Bd4 50. Re4 Rb4 51. Rf4 Bg1 52. Rf1 Bd4 53. Rf7+ Kg8 54.
Rc7 Rxa4 55. Rxc6 Kf7 56. Ra6 Ke6 57. Bf4+ Kd5 58. c6 Rc4 59. c7 a4 60. Ra8 Bb2
61. c8=Q Rxc8 62. Rxc8 1-0